| 000 | 00401nam a2200145Ia 4500 | ||
|---|---|---|---|
| 008 | 230312s9999||||xx |||||||||||||| ||und|| | ||
| 020 | _a81-239-2372-7 | ||
| 082 |
_a612 _bGHO-L |
||
| 100 | _aGhosh;Bijaya | ||
| 245 | 0 | _aLaboratory Manual for Pharmaceutical Technology and Biopharmaceutics Experiments | |
| 260 |
_bCBS _aIndia _c2014 |
||
| 300 | _a147 | ||
| 650 |
_aPharmacy _vPharmaceutics |
||
| 942 | _cBK | ||
| 999 |
_c9875 _d9875 |
||